Country Flags by Outline #1 - Statistics

General Stats
  • This quiz has been taken 250 times
  • The average score is 18 of 20
Answer Stats
Picture Answer % Correct
Brazil
100%
South Africa
99%
Malaysia
98%
China
97%
Georgia
96%
Kenya
96%
Morocco
94%
Slovakia
94%
Uruguay
93%
Bosnia and Herzegovina
91%
Malta
91%
Laos
89%
Marshall Islands
88%
Saint Lucia
88%
Uzbekistan
87%
Azerbaijan
85%
Jordan
81%
Trinidad and Tobago
79%
Guyana
78%
Namibia
78%
No matching quizzes found
Score Distribution
Percent of People with Each Score
Percentile by Number Answered
Your Score History
You have not taken this quiz